[Event "Who ia The MASTER"]
[Site "SchemingMind.com"]
[Date "2007.10.25"]
[Round "-"]
[White "BogusAurelius"]
[Black "jdcald13"]
[Result "1-0"]
[WhiteCountry "USA"]
[BlackCountry "USA"]
[WhiteElo "1974"]
[WhiteRD "73"]
[BlackElo "1931"]
[BlackRD "46"]
[GameID "126224"]

1. e4 e6 2. d4 d5 3. exd5 exd5 4. Bd3 Bd6 5. Nc3 Ne7 6. Nge2 O-O 7. Ng3 c6 8. O-O Nd7 9. Nce2 h6 10. c3 Nf6
11. Bf4 Bg4 12. f3 Bh5 13. Be5 Bg6 14. Bxf6 gxf6 15. f4 f5 16. b4 a5 17. a3 b5 18. Qc2 Qd7 19. Nh1 Kh8 20. h3 Ra7
21. Nf2 Rfa8 22. Rab1 axb4 23. axb4 Ra2 24. Rb2 Rxb2 25. Qxb2 Qa7 26. Bb1 Ng8 27. Nd3 Nf6 28. Ne5 Bxe5 29. fxe5 Ne4 30. Bxe4 fxe4
31. Qd2 Kg7 32. Qf4 Qe7 33. h4 Ra2 34. Ng3 h5 35. Nf5+ Bxf5 36. Qxf5 Rc2 37. Qxh5 Rxc3 38. Kh2 e3 39. Rf6 c5 40. bxc5 b4
41. Qh6+ Kg8 42. e6 Qc7+ 43. g3 e2 44. exf7+ Qxf7 45. Rxf7 Kxf7 46. Qh5+ Kg7 47. Qxe2 b3 48. Kh3
1-0

[Event "Who ia The MASTER"]
[Site "SchemingMind.com"]
[Date "2007.10.27"]
[Round "-"]
[White "BogusAurelius"]
[Black "Efren ramos"]
[Result "1-0"]
[WhiteCountry "USA"]
[BlackCountry "NCA"]
[WhiteElo "1974"]
[WhiteRD "73"]
[BlackElo "1888"]
[BlackRD "87"]
[GameID "126225"]

1. e4 c5 2. Nf3 d6 3. d4 cxd4 4. Nxd4 Nf6 5. Nc3 a6 6. Be3 Ng4 7. Bg5 h6 8. Bh4 g5 9. Bg3 Bg7 10. Bc4 Nc6
11. Nxc6 bxc6 12. h4 Qa5 13. Qf3 Rf8 14. hxg5 Qxg5 15. Bb3 Be6 16. Bf4 Qa5 17. Bd2 Ne5 18. Qg3 Bf6 19. Nd5 Qd8 20. Nxf6+ exf6
21. O-O-O Qe7 22. Bxh6 O-O-O 23. Bxf8 Qxf8 24. Bxe6+ fxe6 25. Rh7 Rd7 26. Rdh1 Kc7 27. Qb3 Qg8 28. Rh8 Qg5+ 29. Kb1 Rd8 30. Rxd8
1-0

[Event "Who ia The MASTER"]
[Site "SchemingMind.com"]
[Date "2007.10.26"]
[Round "-"]
[White "BogusAurelius"]
[Black "Lazaro"]
[Result "1-0"]
[WhiteCountry "USA"]
[BlackCountry "CUB"]
[WhiteElo "2049"]
[WhiteRD "76"]
[BlackElo "1595"]
[BlackRD "46"]
[GameID "126226"]

1. e4 c6 2. Nc3 d5 3. Nf3 dxe4 4. Nxe4 Nd7 5. Bc4 Ngf6 6. Nfg5 Ne5 7. Bb3 Nxe4 8. Nxe4 Qd4 9. d3 Bg4 10. f3 Bf5
11. Qe2 e6 12. Bd2 Qxb2 13. O-O Qd4+ 14. Be3 Qd8 15. d4 Ng6 16. Ng5 Bd6 17. g4 Nf4 18. Bxf4 Bxf4 19. Nxf7 Qxd4+ 20. Kh1 Kxf7
21. gxf5 Rhe8 22. Bxe6+ Kf8 23. Rad1 Qf6 24. Qg2 Rad8 25. Rde1 Rd2 26. Re2 Red8 27. Ref2 Rxf2 28. Rxf2
1-0

[Event "Who ia The MASTER"]
[Site "SchemingMind.com"]
[Date "2007.10.26"]
[Round "-"]
[White "BogusAurelius"]
[Black "Konan_Kaddosh"]
[Result "0-1"]
[WhiteCountry "USA"]
[BlackCountry "ITA"]
[WhiteElo "1979"]
[WhiteRD "80"]
[BlackElo "2415"]
[BlackRD "58"]
[GameID "126227"]

1. e4 c5 2. Nf3 Nc6 3. d4 cxd4 4. Nxd4 e5 5. Nb5 d6 6. N1c3 a6 7. Na3 b5 8. Nd5 Nge7 9. c4 Nd4 10. Be3 Nxd5
11. cxd5 Be7 12. Bd3 O-O 13. O-O Bd7 14. f4 Bf6 15. Bxd4 exd4 16. Nc2 Rc8 17. e5 dxe5 18. fxe5 Bxe5 19. Bxh7+ Kxh7 20. Qh5+ Kg8
21. Qxe5 Rxc2
0-1

[Event "Who ia The MASTER"]
[Site "SchemingMind.com"]
[Date "2007.10.26"]
[Round "-"]
[White "BogusAurelius"]
[Black "Peacemaker"]
[Result "1-0"]
[WhiteCountry "USA"]
[BlackCountry "GER"]
[WhiteElo "2040"]
[WhiteRD "75"]
[BlackElo "2146"]
[BlackRD "97"]
[GameID "126228"]

1. e4 c5 2. Nf3 Nc6 3. d4 cxd4 4. Nxd4 Nf6 5. Nc3 d6 6. Bg5 e6 7. Qd2 a6 8. O-O-O Bd7 9. f4 b5 10. Bxf6 gxf6
11. Kb1 Qb6 12. Nf3 Be7 13. f5 O-O-O 14. g3 Kb8 15. fxe6 fxe6 16. Bh3 Bc8 17. Qe1 Rhe8 18. Rf1 Bf8 19. Ne2 Bg7 20. Nf4 b4
21. Nh5 Bh8 22. Qf2 Qc5 23. Nf4
1-0

[Event "Who ia The MASTER"]
[Site "SchemingMind.com"]
[Date "2007.10.26"]
[Round "-"]
[White "BogusAurelius"]
[Black "zciwar"]
[Result "1-0"]
[WhiteCountry "USA"]
[BlackCountry "POL"]
[WhiteElo "1974"]
[WhiteRD "73"]
[BlackElo "1796"]
[BlackRD "83"]
[GameID "126229"]

1. e4 e5 2. Nf3 Nc6 3. Bb5 Nf6 4. O-O Nxe4 5. d4 Nd6 6. Bxc6 dxc6 7. dxe5 Nf5 8. Qxd8+ Kxd8 9. h4 h5 10. Nc3 Ke8
11. Bg5
1-0

[Event "Who ia The MASTER"]
[Site "SchemingMind.com"]
[Date "2007.10.25"]
[Round "-"]
[White "dvella"]
[Black "BogusAurelius"]
[Result "1/2-1/2"]
[WhiteCountry "MLT"]
[BlackCountry "USA"]
[WhiteElo "2080"]
[WhiteRD "82"]
[BlackElo "2049"]
[BlackRD "76"]
[GameID "126230"]

1. e4 c5 2. Nf3 e6 3. c3 d5 4. e5 Nc6 5. d4 Qb6 6. Be2 cxd4 7. cxd4 Nh6 8. Bd3 Bd7 9. Nc3 Nxd4 10. O-O a6
11. Nxd4 Qxd4 12. Be3 Qxe5 13. Re1 Qd6 14. Qf3 Bc6 15. Bxh6 gxh6 16. Qf6 Rg8 17. Bxh7 Rg7 18. Bc2 Qe7 19. Qf4 Qg5 20. Qf3 d4
21. Ne4 Qh4 22. Qe2 O-O-O 23. Rac1 Kb8 24. Ng3 Qg4 25. f3 Qg5 26. Bd3 Bb4 27. Rf1 Qe3+ 28. Kh1 Rc8 29. Rc2 f5 30. a3 Bd6
31. Re1 Bxg3 32. hxg3 Rxg3 33. Qxe3 dxe3 34. Rxe3 Bd5 35. Rd2 f4 36. Re5 Rg5 37. Rxg5 hxg5 38. Kg1 Rc1+ 39. Kf2 Kc7 40. Re2 Kd6
41. Rd2 Ke5 42. Re2+ Kf6 43. Rd2 b5 44. Be2 Bc4 45. Bd1 a5 46. b3 Bd5 47. Be2 Rb1 48. Bxb5 Rxb3 49. a4 g4 50. fxg4 Rg3
51. Bf1 Rxg4 52. Rc2 f3 53. gxf3 Rxa4 54. Bd3 Ke5 55. Ke3 Rf4 56. Be4 Bxe4 57. fxe4 Rxe4+ 58. Kd3 Ra4 59. Rc5+ Kd6 60. Rb5 e5
61. Kc3 e4 62. Rh5 Ra1 63. Kd4 Ra4+ 64. Ke3 Kc6 65. Re5 Kb6 66. Rxe4 Kb5=
1/2-1/2

[Event "Who ia The MASTER"]
[Site "SchemingMind.com"]
[Date "2007.10.25"]
[Round "-"]
[White "jdcald13"]
[Black "BogusAurelius"]
[Result "0-1"]
[WhiteCountry "USA"]
[BlackCountry "USA"]
[WhiteElo "1931"]
[WhiteRD "46"]
[BlackElo "1974"]
[BlackRD "73"]
[GameID "126231"]

1. c4 c5 2. g3 g6 3. Bg2 Bg7 4. Nc3 Nc6 5. a3 e6 6. Rb1 a5 7. Nf3 Nge7 8. O-O O-O 9. b3 d5 10. Bb2 Rb8
11. Na4 d4 12. Nxc5 b5 13. d3 Qb6 14. Ne4 f5 15. Ned2 e5 16. Qc2 Qc5 17. Rbc1 Bh6 18. cxb5 Qxb5 19. Qc4+ Kg7 20. h4 Qxc4
21. Rxc4 Be6 22. Rc5 Bg8 23. Nxe5 Bxd2 24. Nxc6 Nxc6 25. Rxc6 Rfd8 26. e3 Rxb3 27. Bxd4+ Rxd4 28. exd4 Rxd3 29. d5 Bc3 30. Rb1 Be5
31. Rb7+ Kh6 32. Rb5 f4 33. gxf4 Rd1+ 34. Kh2 Bxf4+ 35. Kh3 Rd3+ 36. Kg4 Bd2 37. Rc4 Kg7 38. Be4 h5#
0-1

[Event "Who ia The MASTER"]
[Site "SchemingMind.com"]
[Date "2007.10.27"]
[Round "-"]
[White "Efren ramos"]
[Black "BogusAurelius"]
[Result "0-1"]
[WhiteCountry "NCA"]
[BlackCountry "USA"]
[WhiteElo "1845"]
[WhiteRD "83"]
[BlackElo "2040"]
[BlackRD "75"]
[GameID "126232"]

1. d4 Nf6 2. c4 g6 3. Nc3 Bg7 4. e4 d6 5. Nf3 O-O 6. Be2 e5 7. dxe5 dxe5 8. Qxd8 Rxd8 9. Bg5 c6 10. O-O Re8
11. c5 h6 12. Be3 Ng4 13. Bd2 Na6 14. h3 Nf6 15. Bxa6 bxa6 16. b4 Rb8 17. a3 a5 18. Rab1 axb4 19. axb4 Ba6 20. Rfe1 Bd3
21. Rb2 Nh5 22. g3 f5 23. Nh4 fxe4 24. Nxe4 Bxe4 25. Rxe4 Nf6 26. Re1 Kf7 27. Ra1 Re7 28. Ra6 Rc8 29. Rba2 Rcc7 30. Ng2 Ne4
31. Ne3 Red7 32. Be1 Bf8
0-1

[Event "Who ia The MASTER"]
[Site "SchemingMind.com"]
[Date "2007.10.27"]
[Round "-"]
[White "Lazaro"]
[Black "BogusAurelius"]
[Result "0-1"]
[WhiteCountry "CUB"]
[BlackCountry "USA"]
[WhiteElo "1595"]
[WhiteRD "46"]
[BlackElo "2049"]
[BlackRD "76"]
[GameID "126233"]

1. e4 c5 2. Nf3 e6 3. d4 cxd4 4. Nxd4 Nf6 5. Nc3 d6 6. f3 a6 7. Be3 b5 8. Qd2 Bb7 9. O-O-O Nbd7 10. g4 Nb6
11. h4 b4 12. Nb1 d5 13. g5 Nfd7 14. Nb3 dxe4 15. Bxb6 Nxb6 16. Qe3 Qc7 17. fxe4 Rc8 18. Bd3 Nc4 19. Qf2 Ne5 20. Rhe1 Be7
21. Nd4 O-O 22. Nf3 Bc5 23. Qe2 Nxd3+ 24. Rxd3 a5 25. Rd2 Qf4
0-1

[Event "Who ia The MASTER"]
[Site "SchemingMind.com"]
[Date "2007.10.26"]
[Round "-"]
[White "Konan_Kaddosh"]
[Black "BogusAurelius"]
[Result "1-0"]
[WhiteCountry "ITA"]
[BlackCountry "USA"]
[WhiteElo "2415"]
[WhiteRD "58"]
[BlackElo "1979"]
[BlackRD "80"]
[GameID "126234"]

1. e4 c5 2. Nf3 e6 3. d4 cxd4 4. Nxd4 Nf6 5. Nc3 d6 6. Be2 Be7 7. O-O O-O 8. f4 Nc6 9. Be3 Bd7 10. Nb3 a5
11. Nd4 a4 12. Ndb5 Bc8 13. Bf3 g6 14. Qe2 Qa5 15. Rad1 Rd8 16. a3 Rd7 17. Rd2 Ne8 18. Qf2 Ra6 19. f5 Ne5 20. fxe6 fxe6
21. Be2 Bf6 22. Na7 Rxa7 23. Bb6
1-0

[Event "Who ia The MASTER"]
[Site "SchemingMind.com"]
[Date "2007.10.26"]
[Round "-"]
[White "Peacemaker"]
[Black "BogusAurelius"]
[Result "0-1"]
[WhiteCountry "GER"]
[BlackCountry "USA"]
[WhiteElo "2146"]
[WhiteRD "97"]
[BlackElo "2040"]
[BlackRD "75"]
[GameID "126235"]

1. e4 c5 2. Nf3 e6 3. d4 cxd4 4. Nxd4 Nf6 5. Nc3 d6 6. Be2 Be7 7. O-O O-O 8. f4 Nc6 9. Be3 Bd7 10. Qe1 Nxd4
11. Bxd4 Bc6 12. Qg3 g6 13. Bf3 Nd7 14. Rad1 Qc7 15. f5 Ne5 16. Qh3 exf5 17. exf5 Nxf3+ 18. gxf3 Rfe8 19. Ne4 Qd8 20. Qh6 Bf8
21. Qf4 Bxe4
0-1